000 00325pab a2200145 454500
008 180718b2004 xxu||||| |||| 00| 0 eng d
100 _aRaghavan, Pyaralal
245 _aA stable policy for credit flows
260 _c2004
300 _ap.29-30.
362 _aDec
650 _aCredit
773 _aYojana
909 _a63356
999 _c63356
_d63356